| 000 | 00000nam 2200000zi 4500 |
| 001 | 9.893174 |
| 003 | CaOODSP |
| 005 | 20221107173355 |
| 006 | m o d f |
| 007 | cr ||||||||||| |
| 008 | 201103t20202020qucd o f00| 0 eng d |
| 020 | |a9780660365398 |
| 040 | |aCaOODSP|beng|erda|cCaOODSP |
| 043 | |an-cn--- |
| 086 | 1 |aEn4-419/4-2020E-PDF |
| 245 | 00|aClean fuel regulations : |bmethod for validation, verification and certification. |
| 246 | 17|aMethod for validation, verification and certification – Clean fuel regulations |
| 264 | 1|a[Gatineau, QC] : |bEnvironment and Climate Change Canada = Environnement et Changement climatique Canada, |c2020. |
| 264 | 4|c©2020 |
| 300 | |a1 online resource (xii, 81 pages) : |bcharts |
| 336 | |atext|btxt|2rdacontent |
| 337 | |acomputer|bc|2rdamedia |
| 338 | |aonline resource|bcr|2rdacarrier |
| 500 | |aIssued also in French under title: Règlement sur les combustibles propres : méthode de validation, vérification et certification. |
| 500 | |aCover title. |
| 520 | |a"This document has been written for Validation, Verification and Certification Bodies and their validators, verifiers and auditors working with the Clean Fuel Regulations; and lays out the regulatory requirements and guidance in their implementation"--Introduction, page 1. |
| 650 | 0|aClimatic changes|xGovernment policy|zCanada. |
| 650 | 0|aCarbon dioxide mitigation|xGovernment policy|zCanada. |
| 650 | 0|aClean energy|zCanada. |
| 710 | 1 |aCanada. |bEnvironment and Climate Change Canada, |eissuing body. |
| 775 | 08|tRèglement sur les combustibles propres : |w(CaOODSP)9.893175 |
| 856 | 40|qPDF|s1.90 MB|uhttps://publications.gc.ca/collections/collection_2020/eccc/En4-419-4-2020-eng.pdf |